Quintín Durward / (Record no. 165039)

MARC details
000 -LEADER
campo de control de longitud fija 00926nam a22002415i 4500
001 - NÚMERO DE CONTROL
campo de control 165039
003 - IDENTIFICADOR DE NÚMERO DE CONTROL
campo de control ES-MaACL
005 - FECHA Y HORA DE LA ÚLTIMA TRANSACCIÓN
campo de control 20251003063148.0
008 - DATOS DE LONGITUD FIJA--INFORMACIÓN GENERAL
campo de control de longitud fija 950206s1883 sp a |||| | spa d
100 1# - ENTRADA PRINCIPAL--NOMBRE DE PERSONA
Nombre de persona Scott, Walter,
Títulos y otros términos asociados al nombre Sir,
Fechas asociadas al nombre 1771-1832
9 (RLIN) 104957
245 10 - MENCIÓN DEL TÍTULO
Título Quintín Durward /
Mención de responsabilidad, etc. novela histórica de sir Walter Scott ; versión directa del inglés ; ilustración alemana.
260 ## - PUBLICACIÓN, DISTRIBUCIÓN, ETC.
Lugar de publicación, distribución, etc. Barcelona :
Nombre del editor, distribuidor, etc. Francisco Pérez,
Fecha de publicación, distribución, etc. 1883.
300 ## - DESCRIPCIÓN FÍSICA
Extensión XXXVI, 37-582 p., [10] h. de lám. :
Otras características físicas il. ;
Dimensiones 19 cm.
490 1# - MENCIÓN DE SERIE
Mención de serie Biblioteca "Arte y letras"
530 ## - NOTA DISPONIBLE DE FORMULARIO FÍSICO ADICIONAL
Nota de formato físico adicional disponible Disponible en formato digital.
597 ## - NOTA DE DESCRIPCIÓN FÍSICA
NOTA DE DESCRIPCIÓN FÍSICA Port. a dos tintas.
599 ## - NOTA A LAS ILUSTRACIONES
NOTA A LAS ILUSTRACIONES Grab. e il. xil.
752 ## - ENTRADA AGREGADA--NOMBRE JERÁRQUICO DEL LUGAR
País o entidad superior España -
Ciudad Madrid
830 10 - PUNTO DE ACCESO ADICIONAL DE SERIE-TÍTULO UNIFORME
Título uniforme Biblioteca "Arte y letras"
9 (RLIN) 180874
852 ## - LOCALIZACIÓN
Ubicación ES-MaACL
Número de control de estantería B-728
Nota libre - Enc. hol.
856 ## - LOCALIZACIÓN Y ACCESO ELECTRÓNICOS
Identificador Uniforme de Recursos <a href="http://bdh-rd.bne.es/viewer.vm?id=0000132329&page=1 ">http://bdh-rd.bne.es/viewer.vm?id=0000132329&page=1 </a>
Nota pública Biblioteca Digital Hispánica
Holdings
Estatus retirado Estado de pérdida Estado de daño No para préstamo Colección Biblioteca de origen Biblioteca actual Ubicación en estantería Fecha de adquisición Fuente de adquisición Total de préstamos Signatura topográfica completa Código de barras Visto por última vez Precio de reemplazo Tipo de ítem Koha
        Colección digital Biblioteca del Ateneo de Madrid Biblioteca del Ateneo de Madrid Sala Pardo Bazán 17/01/2008     B-728 1173011 23/02/2023 23/02/2023 Libro impreso antiguo